000 011790000a22002050004500
020 _a978-84-9945-175-6
082 0 4 _aG 270.1082 C7996m
100 1 _aCorley, Kathleen E.
245 1 0 _aMaranatha : ritos funerarios de las mujeres y los orígenes del cristianismo / Kathleen E. Corley ; prólogo de John dominic Crossan ; traducido por José Pérez Escobar
260 _aNavarra, España : Verbo Divino
300 _a350 p.
440 0 _aCol. Agora ; no.30
500 _aTítulo original en inglés: Maranatha. Women's Funerary Rituals and Christian Origins \ Incluye índice de Escritura -- Índice de fuentes antiguas -- Índice de nombres y materias
505 0 0 _aLas mujeres y los banquetes y asociaciones en el cristianismo primitivo -- Rituales, banquetes y lamentaciones funerarias de las mujeres en la antigüedad -- Banquetes que celebran el Reino de Dios y banquetes de la presencia de Jesús -- La eucaristía y los banquetes por los difuntos -- El relato de la pasión como relato de lamentación por difunto
001 18533
942 _cBK
999 _c44952
_d44952
336 _atexto
_btxt
_2rdacontent
337 _2rdamedia
_asin mediación
_bn
338 _2rdacarrier
_avolumen
_bnc